Central Library OPAC University of Rajshahi

Ibn Khallikān's Wafayat al-aʾyan wa anbaʾ abnaʾ al-zaman / (Record no. 32900)

MARC details
000 -LEADER
fixed length control field 01455nam a22003611a 4500
001 - CONTROL NUMBER
control field 32900
003 - CONTROL NUMBER IDENTIFIER
rucl marc code BD-RjUL
005 - DATE AND TIME OF LATEST TRANSACTION
control field 20211209051919.0
008 - FIXED-LENGTH DATA ELEMENTS--GENERAL INFORMATION
fixed length control field 181222m19671964pk 000 0 eng
020 ## - INTERNATIONAL STANDARD BOOK NUMBER
Terms of availability : PRs. 30.00 (V-4-6) ;
035 ## - SYSTEM CONTROL NUMBER
System control number (BD-RjUL)32990
040 ## - CATALOGING SOURCE
Original cataloging agency DLC
Transcribing agency TxU
Modifying agency TxU
-- OCoLC
-- DLC
-- BD-RjUL
Language of cataloging eng
041 1# - LANGUAGE CODE
Language code of text/sound track or separate title engara
082 04 - DEWEY DECIMAL CLASSIFICATION NUMBER
Classification number 297.092897
Author mark and year KHI V-4-6 1964-1967
100 1# - MAIN ENTRY--PERSONAL NAME
Personal name Khallikān, Ibn
Dates associated with a name 1211-1282.
9 (RLIN) 100020
245 10 - TITLE STATEMENT
Title Ibn Khallikān's Wafayat al-aʾyan wa anbaʾ abnaʾ al-zaman /
Statement of responsibility, etc. Ibn Khallikān ; (M. de Slane's English translation); Edited by S. Moinul Haq.
246 ## - VARYING FORM OF TITLE
Title proper/short title Wafayat al-aʾyan wa anbaʾ abnaʾ al-zaman
260 ## - PUBLICATION, DISTRIBUTION, ETC. (IMPRINT)
Place of publication, distribution, etc. Karachi :
Name of publisher, distributor, etc. Pakistan Historical Society,
Date of publication, distribution, etc. 1964-1967.
300 ## - PHYSICAL DESCRIPTION
Pagination v. ;
Illustrations 25 cm.
505 0# - FORMATTED CONTENTS NOTE
Formatted contents note Vol. 4 -- v. 5 -- v. 6 --
650 #0 - SUBJECT ADDED ENTRY--TOPICAL TERM
Topical term or geographic name as entry element Muslims
Form subdivision Biography.
9 (RLIN) 98030
Topical term or geographic name as entry element Islam
Form subdivision Biography
9 (RLIN) 226264
700 1# - ADDED ENTRY--PERSONAL NAME
Personal name Slane, M. de, tr.
Personal name Haq, S. Moinul, ed.
830 ## - SERIES ADDED ENTRY--UNIFORM TITLE
Uniform title Pakistan Historical Society publication ;
Volume number/sequential designation No. 39
Uniform title Pakistan Historical Society publication ;
Volume number/sequential designation No. 40
Uniform title Pakistan Historical Society publication ;
Volume number/sequential designation No. 50
942 ## - ADDED ENTRY ELEMENTS (KOHA)
Source of classification or shelving scheme Dewey Decimal Classification
Koha item type Rare Books
Holdings
Lost status Source of classification or shelving scheme Damaged status Not for loan Collection code Permanent Location Current Location Shelving location Date acquired Source of acquisition Cost, normal purchase price Total Checkouts Full call number Date last seen Copy number Koha item type
  Dewey Decimal Classification   Not For Loan Rare Books Central Library, University of Rajshahi Central Library, University of Rajshahi Rare Book Section 11/08/1972 Parmount Book Co., 30.00   RA 297.092897 KHI V-6 1967 29/04/2014 C-1 Rare Books
  Dewey Decimal Classification   Not For Loan Rare Books Central Library, University of Rajshahi Central Library, University of Rajshahi Rare Book Section 20/02/1967 S. M. Mir., Karachi 30.00   RA 297.092897 KHI V-4 1964 22/12/2018 C-1 Rare Books
  Dewey Decimal Classification   Not For Loan Rare Books Central Library, University of Rajshahi Central Library, University of Rajshahi Rare Book Section 22/12/2018   30.00   RA 297.092897 KHI V-5 1967 22/12/2018 C-1 Rare Books